[Event "HUN-chT2 Toth 1314"]
[Site "Hungary"]
[Date "2013.10.20"]
[Round "3.9"]
[White "Suba, Gergely"]
[Black "Moczo, Istvan"]
[Result "1/2-1/2"]
[WhiteElo "1769"]
[BlackElo "1936"]
[PlyCount "22"]
[EventDate "2013.09.08"]
[EventType "team-tourn"]
[EventRounds "11"]
[EventCountry "HUN"]
[SourceTitle "EXT 2016"]
[Source "ChessBase"]
[SourceDate "2015.10.08"]
[SourceVersion "1"]
[SourceVersionDate "2015.10.08"]
[SourceQuality "1"]
[WhiteTeam "Toth Laszlo II"]
[BlackTeam "Kecskemet Takisz"]
[WhiteTeamCountry "HUN"]
[BlackTeamCountry "HUN"]

1. d4 d5 2. c4 c6 3. Nf3 Nf6 4. Nc3 e6 5. cxd5 exd5 6. Bg5 h6 7. Bh4 Be7 8. e3 Bf5 9. Bd3 Ne4 10. Bxe7 Qxe7 11. 0-0 Nd7 1/2-1/2

[Event "HUN-chT2 Erkel 1011"]
[Site "Hungary"]
[Date "2010.11.21"]
[Round "6.8"]
[White "Suba, Gergely"]
[Black "Zala, Gyula"]
[Result "1/2-1/2"]
[WhiteElo "1827"]
[BlackElo "2023"]
[PlyCount "114"]
[EventDate "2010.09.12"]
[EventType "team-tourn"]
[EventRounds "11"]
[EventCountry "HUN"]
[SourceTitle "EXT 2012"]
[Source "ChessBase"]
[SourceDate "2011.11.24"]
[SourceVersion "1"]
[SourceVersionDate "2011.11.24"]
[SourceQuality "1"]
[WhiteTeam "Toth Laszlo"]
[BlackTeam "Vaci"]
[WhiteTeamCountry "HUN"]
[BlackTeamCountry "HUN"]

1. d4 b5 2. g3 Bb7 3. Nf3 Qc8 4. Bg2 h5 5. 0-0 h4 6. Nxh4 Bxg2 7. Kxg2 d5 8. Qd3 c6 9. Nc3 e6 10. e4 Be7 11. Nf3 b4 12. Na4 dxe4 13. Qxe4 Nf6 14. Qe2 Nbd7 15. Bg5 Rb8 16. b3 Rb5 17. Nb2 e5 18. Bxf6 gxf6 19. Rh1 Nf8 20. h4 Ng6 21. Rad1 Qg4 22. Kf1 Rd5 23. dxe5 Rxd1+ 24. Nxd1 fxe5 25. Ne3 Qe4 26. Nc4 Qd5 27. Qd3 Qe6 28. Qe2 Bf6 29. Qe4 0-0 30. h5 Ne7 31. g4 Rd8 32. Kg2 Nd5 33. Re1 Nc3 34. Qf5 Qxf5 35. gxf5 e4 36. Nfe5 c5 37. f4 Kh7 38. Nxf7 Rg8+ 39. Kh3 Bd4 40. Ng5+ Kh6 41. Kg4 Bf2 42. Rh1 Nd5 43. Rd1 Bd4 44. f6 Nxf6+ 45. Kf5 Nd5 46. Rxd4 cxd4 47. Kxe4 Nxf4 48. Nf7+ Kg7 49. h6+ Kxf7 50. Kxf4 Kg6 51. Ke4 Rd8 52. Ne5+ Kh7 53. Nc6 Rc8 54. Nxd4 Rc5 55. Kd3 Kxh6 56. Ne6 Rc3+ 57. Kd2 a5 1/2-1/2

[Event "HUN-chT2 Erkel 1011"]
[Site "Hungary"]
[Date "2010.11.07"]
[Round "5.10"]
[White "Gyomber, Tamas"]
[Black "Suba, Gergely"]
[Result "1-0"]
[WhiteElo "2071"]
[BlackElo "1827"]
[PlyCount "74"]
[EventDate "2010.09.12"]
[EventType "team-tourn"]
[EventRounds "11"]
[EventCountry "HUN"]
[SourceTitle "EXT 2012"]
[Source "ChessBase"]
[SourceDate "2011.11.24"]
[SourceVersion "1"]
[SourceVersionDate "2011.11.24"]
[SourceQuality "1"]
[WhiteTeam "Barcza"]
[BlackTeam "Toth Laszlo"]
[WhiteTeamCountry "HUN"]
[BlackTeamCountry "HUN"]

1. d4 d5 2. Nf3 Nf6 3. g3 c6 4. Bg2 Bf5 5. 0-0 e6 6. c4 Be7 7. b3 0-0 8. Nh4 Bg6 9. Nxg6 hxg6 10. Bb2 Na6 11. Nc3 Qd7 12. a3 Rfe8 13. Qd3 Rad8 14. Rfd1 Nc7 15. e4 dxe4 16. Nxe4 Nxe4 17. Qxe4 Bf6 18. Bf3 Qe7 19. Rd3 Rd7 20. Rad1 Red8 21. b4 Ne8 22. Qe2 Nc7 23. Qc2 a6 24. Bc3 Kf8 25. Qb3 e5 26. Re3 Ne6 27. dxe5 Rxd1+ 28. Bxd1 Bg5 29. Re1 Bd2 30. Bxd2 Rxd2 31. Bg4 f5 32. exf6 Qxf6 33. Qe3 Qd4 34. Bxe6 Qb2 35. Bd5 Re2 36. Rxe2 Qb1+ 37. Kg2 Qe4+ 1-0

[Event "HUN-chT2 Erkel 1011"]
[Site "Hungary"]
[Date "2010.10.24"]
[Round "4.9"]
[White "Kovacs, Zsolt2222"]
[Black "Suba, Gergely"]
[Result "1/2-1/2"]
[WhiteElo "2079"]
[BlackElo "1827"]
[PlyCount "90"]
[EventDate "2010.09.12"]
[EventType "team-tourn"]
[EventRounds "11"]
[EventCountry "HUN"]
[SourceTitle "EXT 2012"]
[Source "ChessBase"]
[SourceDate "2011.11.24"]
[SourceVersion "1"]
[SourceVersionDate "2011.11.24"]
[SourceQuality "1"]
[WhiteTeam "Paszto"]
[BlackTeam "Toth Laszlo"]
[WhiteTeamCountry "HUN"]
[BlackTeamCountry "HUN"]

1. e4 d5 2. exd5 Qxd5 3. Nc3 Qa5 4. d4 Nf6 5. Bd2 Bg4 6. Be2 Bxe2 7. Qxe2 c6 8. Nf3 Qc7 9. 0-0-0 Nbd7 10. Ne4 Nxe4 11. Qxe4 Nf6 12. Qh4 e6 13. Rhe1 Be7 14. Kb1 0-0-0 15. Ne5 Bd6 16. f4 Rhe8 17. Qf2 h5 18. h3 Kb8 19. c4 c5 20. Bc3 Ng8 21. Qh4 g6 22. dxc5 Be7 23. Qg3 Bxc5 24. b4 Bf8 25. Qf3 Nh6 26. c5 Rxd1+ 27. Rxd1 Rd8 28. Nc4 Kc8 29. Be5 Rxd1+ 30. Qxd1 Qd7 31. Qf3 Nf5 32. g4 hxg4 33. hxg4 Nd4 34. Qa3 Nb5 35. Nb6+ Kd8 36. Nxd7 Nxa3+ 37. Kb2 Kxd7 38. Kxa3 Be7 39. g5 Kc6 40. Kb3 b6 41. cxb6 axb6 42. a4 Kd5 43. a5 bxa5 44. b5 Bd8 45. Ka4 Kc4 1/2-1/2